| Registos Bibliográficos associados ao registo de autoridade |
|
Etiqueta de registo: 00230nlm 2200025 450 001 1777669 003 http://id.bnportugal.gov.pt/bib/catbnp/1777669 100 ## $a20110420d2010 k y0pory0103 ba 101 0# $aspa 102 ## $aES 106 ## $as 200 1# $aPatrimonio conventual y periferia$bRecurso electrónico]$e la salvaguardia de los antiguos espacios conventuales del Algarve$fAna Catarina Graça de Almeida Marado$gorient. Maria Teresa Pérez Cano 210 #9 $aSevilla$c[s.n.],$dD.L. 2010] 215 ## $a1 disco óptico (CD-ROM) em caixa$d13 x 14 x 1 cm 230 ## $aDados 304 ## $aTít. retirado do primeiro ecrã informativo 320 ## $aContém bibliografia 328 #1 $aTese dout., RTSArquitectura, Univ. Sevilla, 2010 675 ## $a726.71(469.6)(043)(0.034)$vBN$zpor$31475448 675 ## $a719(469.6)(043)(0.034)$vBN$zpor$31475449 700 #1 $aMarado,$bCatarina Almeida$31232626 702 #1 $aPérez Cano,$bMaria Teresa$4727$31329643 801 #0 $aPT$bBN$gRPC 966 ## $lBN$mDEM$sB.A. 8821 P.$x1
Etiqueta de registo: 00230nam 2200025 450 001 1367006 003 http://id.bnportugal.gov.pt/bib/catbnp/1367006 010 ## $a972-772-631-3$bencadernado 021 ## $aPT$b239971/06 100 ## $a20060329d2006 m y0pory0103 ba 101 0# $apor 102 ## $aPT 105 ## $aa z 001yy 106 ## $ar 200 1# $aAntigos conventos do Algarve$e um percurso pelo património da região$f Catarina Almeida Marado 210 #9 $aLisboa$cColibri,$d2006 215 ## $a203, [3] p.$cil.$d29 cm 225 2# $aExtra-colecção 320 ## $aBibliografia, p. 201-203 675 ## $a726.71(469.6)(091)$vBN$zpor$31274598 675 ## $a272-523(469.6)(091)$vBN$zpor$31325620 700 #1 $aMarado,$bCatarina Almeida$31232626 801 #0 $aPT$bBN$gRPC 966 ## $lBN$mFGMON$pTip. Peres/0558$sB.A. 27899 V.$x1 966 ## $lBN$mFGMON$pTip. Peres/0558$sB.A. 27899 V.-D $x1
Etiqueta de registo: 00230nam 2200025 450 001 1563208 003 http://id.bnportugal.gov.pt/bib/catbnp/1563208 100 ## $a20070219d2005 m y0pory0103 ba 101 0# $apor 102 ## $aPT 105 ## $aa z 001yy 106 ## $ar 200 1# $aMosteiros e conventos do Algarve$bTexto policopiado]$fCatarina Almeida Marado 210 #9 $a[Lisboa$cs.n.$d2005] 215 ## $a1 v.$cil$d30 cm 675 ## $a726.71(469.6)(091)$vBN$zpor$31274598 675 ## $a27-523(469.6)(091)$vBN$zpor$31274599 675 ## $a27-788(469.6)(091)$vBN$zpor$31274600 700 #1 $aMarado,$bCatarina Almeida$31232626 801 #0 $aPT$bBN$gRPC 966 ## $lBN$mFGMON$sB.A. 25998 V.$x3
Etiqueta de registo: 00000nam 2200025 450 001 1981776 003 http://id.bnportugal.gov.pt/bib/catbnp/1981776 010 ## $a978-989-26-1517-2$b(ed. impressa) 010 ## $a978-989-26-1518-9$b(ed. eletrónica) 021 ## $aPT$b442562/18 100 ## $a20180205d2018 m y0pory01030103ba 101 0# $apor 102 ## $aPT 105 ## $aa z 000yy 106 ## $ar 200 1# $aArquitetura conventual e cidade medieval$e a formação e os impactos dos sistemas urbanísticos mendicantes em Portugal (séc.
XIII-XV)$fCatarina Almeida Marado 210 #9 $aCoimbra$cImprensa da Universidade de Coimbra,$d2018 215 ## $a291 p.$cil.$d23 cm 225 2# $aInvestigação 675 ## $a726.71(469)"12/14"$vBN$zpor$31724955 675 ## $a711.5(469)"12/14"$vBN$zpor$31724956 675 ## $a272-789.3(469)"12/14"$vBN$zpor$31724958 675 ## $a911.371(469)"12/14"$vBN$zpor$31724957 700 #1 $aMarado,$bCatarina Almeida$31232626 801 #0 $aPT$bBN$gRPC 856 41 $uhttp://rnod.bnportugal.gov.pt/ImagesBN/winlibimg.aspx?skey=&doc=1981776&img=114304&save=true 900 ## $aBIBNAC$d20180927 966 ## $lBN$mFGMON$sB.A. 43476 V.$x1 966 ## $lBN$mFGMON$sB.A. 43476 V.-D$x1
Etiqueta de registo: 00000nam 2200025 450 001 2097759 003 http://id.bnportugal.gov.pt/bib/catbnp/2097759 010 ## $a978-989-9023-62-8 021 ## $aPT$b490388/21 100 ## $a20220418d2021 k d0pory01030103ba 101 0# $apor$aspa 102 ## $aPT 105 ## $aa z 000yy 106 ## $ar 200 1# $aGestão do património cultural$eexperiências e desafios$fed. Catarina Almeida Marado, Teresa Valente, João Pedro Bernardes$gtextos Ana Pereira Roders... [et al.] 205 ## $a1ª ed 210 #9 $aFaro$cUniversidade do Algarve,$d2021 215 ## $a249 p.$cil.$d30 cm 675 ## $a903/904(042)$vBN$zpor$31316783 675 ## $a719(042)$vBN$zpor$3964485 675 ## $a005.59(042)$vBN$zpor$31280813 702 #1 $aMarado,$bCatarina Almeida$4340$31232626 702 #1 $93$aValente,$bTeresa$4340$31843272 702 #1 $aBernardes,$bJoão Pedro,$f1963-$4340$3709167 702 #1 $aRoders,$bAna Rita Gomes Mendes Martins Pereira$4340$31394357 801 #0 $aPT$bBN$gRPC 856 41 $uhttp://rnod.bnportugal.gov.pt/ImagesBN/winlibimg.aspx?skey=&doc=2097759&img=165016&save=true 900 ## $aBIBNAC$d20220531 966 ## $lBN$mFGMON$sH.G. 83511 V.$x1 966 ## $lBN$mFGMON$sH.G. 83511 V.-D$x1 971 ## $carosa$d20220419 972 ## $e0$z0$d20220531$vasantos 973 ## $cmlsousa$d20220524
Etiqueta de registo: 00254nam 2200025 450 001 2285954 003 http://id.bnportugal.gov.pt/bib/catbnp/2285954 010 ## $a978-989-8053-44-2 021 ## $aPT$b554757/25 100 ## $a20260507d2025 k d0pory01030103ba 101 0# $apor$aeng$aspa$deng 102 ## $aPT 105 ## $aa z 000yy 106 ## $ar 200 1# $a ( Re)interpretações do património conventual feminino$eespaços, memórias e reutilizações$dRe-interpreting female conventual heritage$espace, memories, and reuse$fSeminário Internacional$gdir. Catarina Almeida Marado... [et al.]$gcomissão científica Eduardo Mosquera Adell... [et al.]$gtextos Andreia Fidalgo... [et al.]$zeng 210 #9 $aLagoa [etc.]$cMunicípio de Lagoa - Divisão de Cultura [etc.],$d2025 215 ## $a222 p.$cil.$d24 cm 510 1# $aRe-interpreting female conventual heritage$espace, memories, and reuse$zeng 701 #1 $aFidalgo,$bAndreia,$f1986-$4070$31466695 702 #1 $aMarado,$bCatarina Almeida$4300$31232626 702 #1 $aAdell,$bEduardo Mosquera$4695$31497221 710 12 $aSeminário Internacional "Novos Olhares Sobre a Arquitetura e o Património Conventual
Feminino",$eLagoa,$f2024$31997896 801 #0 $aPT$bBN$gRPC 966 ## $lBN$mFGMON$x1 966 ## $lBN$mFGMON$x1 971 ## $cssilva$d20260507
|
|
|